000 00978nas a2200289 4500
001 BR8705064
003 BR-BrBNA
005 20231205090744.0
007 ta
008 230509b bl.|||p| |||| 00| 00por d
040 _aBR-BrBNA
_bpor
_cBiblioteca Nacional de Agricultura
041 _a(Pt)
072 _aH10
100 1 _aCorrea, G.S.
100 1 _aAzevedo, J.L. de
245 1 _aInfluencia da radiacao solar na viabilidade de conidios de Metarhizium anisoplie (Metsch)Sorokin [cigarrinha, pastagem, cana de acucar]
246 1 _aInfluence of solar radiation on the viability of conidia of Metarhizium anisopliae (Metsch)Sorokin
650 _aCONTROLE BIOLOGICO
650 _aFUNGO
650 _aCONIDIO
650 _aCIGARRINHA
650 _aCANA DE ACUCAR
650 _aPASTAGEM
773 0 _tRevista de Agricultura (Brazil)
_xISSN 0034-7655
_g(Oct 1986), v. 61(2) p. 119-130
_wBR8705064
909 _a202311
_bLúcia
_c55
_dLúcia Elande
942 _2AGRIS
_n0
_cANA
999 _c120653
_d120653